| 000 | 00462nam a22001817a 4500 | ||
|---|---|---|---|
| 003 | OSt | ||
| 005 | 20180116183005.0 | ||
| 008 | 150806b xxu||||| |||| 00| 0 eng d | ||
| 020 | _a9788131773437 | ||
| 040 | _c0 | ||
| 082 | _a657.950941 DHA 2012 | ||
| 100 | _aSanjay Dhamija | ||
| 245 |
_aFinancial Accounting _bFor Managers _cSanjay Dhamija |
||
| 260 |
_aIndia _bPearson _c2012 |
||
| 300 |
_a438 p. _bPB |
||
| 440 | _aFinancial Accounting | ||
| 942 |
_2ddc _cBK |
||
| 999 |
_c350017 _d350017 |
||